000 00702nam a2200265Ia 4500
003 OSt
005 20221007110313.0
006 a|||||r|||| 00| 0
007 ta
008 221006b |||||||| |||| 00| 0 eng d
020 _a 0903486199
020 _a0903486180; 0903486199
024 _a20,853
037 _cTextual
040 _aLCO
_cLCO
_beng
041 _2eng
_aeng
082 _aZ1, L6
100 _aSchwarzenberger Georg
_9121358
245 0 _aDynamics of International Law
260 _aOxon
_bProfessional Books Limited U.K.
_c1976
300 _a139
650 _aINTERNATIONAL LAW
942 _hZ1, L6
_cTEXL
999 _c1190416
_d1190416